000 00938nam a2200193 i 4500
001 42513
003 ES-MaACL
005 20250818063038.0
007 t|
008 030403s1854 fr ||||1| fre d
100 1 _aVerneuil, Édouard de,
_d1805-1873
_9114176
245 1 0 _aTableau des altitudes observées en Espagne /
_cpar MM. de Verneuil et de Lorière pendant l'été de 1853 accompagné d'un rapide aperçu de leur voyage.
260 _aParis :
_b[s.n.],
_c1854 (
_fImpr. de L. Martinet)
300 _a55 p. ;
_c21 cm.
500 _aExtrait du Bulletin de la Société Géologique de France, 2e série, t.XI, p. 664, séance du 26 juin 1854.
700 1 _aLorière, Gustav de.
_974210
852 _aES-MaACL
_jB-8308(2)
_z.- Legado de Federico de Botella y de Hornos
999 _c42513
_d42513